[Event "CZE-ch"]
[Site "Zlin"]
[Date "1998.06.15"]
[Round "3"]
[White "Gross, David"]
[Black "Blatny, Pavel"]
[Result "0-1"]
[WhiteElo "2425"]
[BlackElo "2560"]
[Annotator "Finkel,A"]
[PlyCount "80"]
[EventDate "1998.06.13"]
[EventType "tourn"]
[EventRounds "11"]
[EventCountry "CZE"]
[EventCategory "9"]
[SourceTitle "CBM 066"]
[Source "ChessBase"]
[SourceDate "1998.09.30"]
[SourceVersion "1"]
[SourceVersionDate "1998.09.30"]
[SourceQuality "1"]

1. e4 e6 2. d4 d5 3. Nc3 dxe4 4. Nxe4 Be7 5. Nf3 Nf6 6. Bd3 Nbd7 7. Qe2 Nxe4 8.
Bxe4 a6 $6 (8... c5 $5 9. c3 $5 (9. Be3 O-O (9... Qc7 10. O-O O-O 11. Rad1 Nf6
12. Bd3 b6 13. dxc5 bxc5 14. Bg5 $14 {Nunn,J-Fuller,M/BCF-ch 1979/1-0 (62)})
10. O-O-O Nf6 11. Bd3 Qc7 12. dxc5 Bxc5 13. Bg5 Be7 14. Kb1 $14 {Keres,P-Pavey,
M/USA-URS 1954/1-0 (44)}) 9... Nf6 10. Bc2 cxd4 11. Nxd4 O-O 12. Bf4 Bd7 13.
O-O Re8 (13... Bc6 14. Nxc6 bxc6 15. Be5 Qb6 16. Rad1 Rfd8 17. c4 Bc5 $1 $11 {
Fedorowicz,J-Lein,A/USA-ch 1986 (44)}) 14. Be5 Qb6 15. f4 g6 16. Kh1 Rac8 17.
Bb3 a5 $132 {Pomar Salamanca,A-Guimard,C/Mar del Plata 1949 (37)}) 9. O-O (9.
Be3 $5 Nf6 10. Bd3 O-O 11. O-O-O b6 12. Rhg1 $36 {[%cal Gg2g5,Gg1g3,Gg3h3]})
9... Nf6 10. Bd3 b6 11. Rd1 {It's always a question where to put the rooks and
in this case it seemed more suitable to place this rook on e1 and the second
one on d1:} (11. Bg5 Bb7 (11... c5 12. Rad1 Qc7 13. dxc5 Qxc5 14. Rfe1 Bb7 15.
Ne5 $14) 12. Rad1 O-O 13. c4 b5 $1 14. b3 bxc4 15. bxc4 $14) 11... Bb7 12. c4
c5 13. dxc5 (13. Bc2 $5 Qc7 (13... Bxf3 $2 14. Qxf3 cxd4 15. Ba4+ Kf8 16. Rxd4
$16) 14. Ba4+ Bc6 15. Bf4 $5 Qb7 16. Bxc6+ Qxc6 17. Ne5 Qe4 $1 18. Qxe4 Nxe4
19. d5 $14) 13... Bxc5 14. Bg5 Qe7 (14... Qc7 $5) 15. Nd2 $1 $14 Rd8 16. Be4 h6
$6 (16... O-O 17. Bxf6 gxf6 18. Bxb7 Qxb7 19. Ne4 Be7 (19... Bd4 $2 20. Rxd4 $1
Rxd4 21. Nxf6+ Kg7 22. Qe5 $18) 20. Qf3 Kh8 21. b4 $14) 17. Bxf6 gxf6 18. Qf3
$6 {Serious inaccuracy letting black to equalize.After} (18. Bxb7 $1 Qxb7 19.
Nf3 (19. Ne4 Be7 (19... Bd4 $6 20. Rd2 $1 f5 21. Rad1 Qxe4 22. Qxe4 fxe4 23.
Rxd4 $16) 20. Qf3 Kf8 21. Rxd8+ Bxd8 22. Rd1 Be7 23. Qf4 $16 {white's
advantage is quiet significient}) 19... O-O 20. b3 Qc7 21. Qb2 Kg7 22. b4 Be7
23. Qc3 $14) 18... Bxe4 19. Nxe4 Bd4 $11 20. Rd2 f5 21. Ng3 O-O 22. Rad1 Bc5
$15 {Black's prospects seem to be slighty better,but white should easily keep
the balance.} 23. Qf4 Rxd2 24. Rxd2 Kh7 25. h3 Rd8 26. Nf1 a5 27. b3 Rxd2 28.
Qxd2 Qf6 29. a4 $6 {Unnessasserily creating to himself weakness on b3.} Qe5 30.
g3 Qe4 31. Kh2 $2 {Simply blundering a pawn!After correct} (31. Ne3 Kg6 32. Qe2
e5 33. g4 $1 {white still has good drawing chanses.}) 31... Qb1 $19 {[%cal
Gb1f1,Gb1b3]} 32. Qe2 Qxb3 33. g4 Qxa4 (33... fxg4 $5 34. hxg4 Qxa4 35. Qe4+
Kg8 $19) 34. gxf5 Qd7 35. fxe6 Qxe6 {The rest is easy:white simply can't stop
the a-pawn.} 36. Qd3+ Qg6 37. Qf3 a4 38. Ng3 a3 39. Ne4 Bd4 $5 (39... a2 40.
Nf6+ Kg7 41. Ne8+ Kf8 42. Qa8 a1=Q $19) 40. h4 a2 0-1

[Event "RUS-chT 05th"]
[Site "Maikop"]
[Date "1998.06.08"]
[Round "6"]
[White "Morozevich, Alexander"]
[Black "Ulybin, Mikhail"]
[Result "1-0"]
[WhiteElo "2590"]
[BlackElo "2575"]
[Annotator "Finkel,A"]
[PlyCount "47"]
[EventDate "1998.06.03"]
[EventType "team-tourn"]
[EventRounds "11"]
[EventCountry "RUS"]
[SourceTitle "CBM 066"]
[Source "ChessBase"]
[SourceDate "1998.09.30"]
[SourceVersion "1"]
[SourceVersionDate "1998.09.30"]
[SourceQuality "1"]
[WhiteTeam "Tomsk 400"]
[BlackTeam "Ekaterinburg Agat"]
[WhiteTeamCountry "RUS"]
[BlackTeamCountry "RUS"]

1. e4 e6 2. d4 d5 3. Nc3 Nf6 4. Bg5 dxe4 5. Nxe4 Nbd7 6. Nxf6+ Nxf6 7. Nf3 h6
8. Bh4 c5 9. Bc4 (9. Bxf6 gxf6 $5 10. Be2 cxd4 11. Nxd4 Bc5 12. Nb3 Qxd1+ 13.
Rxd1 Bb6 14. Bf3 Rb8 15. O-O Bd7 $11 {Huebner,R-Rivas Pastor,M/Manila olm 1992
(49)}) (9. c3 cxd4 10. Nxd4 Be7 11. Bb5+ Bd7 12. Qb3 Bxb5 13. Qxb5+ Qd7 14.
Qxd7+ Nxd7 15. Bxe7 Kxe7 16. O-O-O Rhc8 17. Rhe1 $11 {1/2-1/2 Sax,G-Psakhis,L/
Manila olm 1992}) (9. Bd3 $5 cxd4 10. Nxd4 Be7 11. O-O O-O 12. c3 Nd5 13. Bg3
Bd6 14. Qe2 a6 15. Rad1 $14 {Wegener,D-Plesec,D/Budapest FS06 IM 1993/1/2-1/2 
(66)}) (9. Be2 Be7 10. O-O O-O 11. c3 Qb6 12. Qc2 Rd8 13. Rfd1 Bd7 14. a4 Rac8
$132 {Mirumian,V-Zifroni,D/EUchJM-U18 1994 (42)}) (9. dxc5 Qa5+ (9... Qxd1+ 10.
Rxd1 Bxc5 11. Be2 Ke7 12. Ne5 g5 13. Bg3 Ne4 14. Bh5 Rf8 15. Bf3 $14 {Vallejo
Pons,F-Kaminski,M/WchJM-U18 1995 (42)}) 10. c3 Qxc5 11. Qd4 Qxd4 12. Nxd4 g5
13. Bg3 Ne4 $132 {Stisis,Y-Zifroni,D/Rishon le Zion YM-IM 1995 (52)}) 9... cxd4
10. O-O (10. Qxd4 Qxd4 11. Nxd4 a6 12. a4 Bd7 13. f3 Rc8 14. Bb3 Bc5 15. O-O-O
Rd8 $11 {Dutreeuw,M-Arkhipov,S/Miskolc 1990/1/2-1/2 (75)}) 10... Be7 (10... Bc5
11. Qe2 O-O 12. Rad1 Qb6 13. Bxf6 gxf6 14. Nxd4 Qxb2 15. Rd3 $40 {Kling,
T-Vuksanovic,S/Erevan olw 1996 (25)}) 11. Qe2 a6 12. Rad1 b5 $6 {Extremly
risky continuation:black starts an active counterplay without finishing the
development.} (12... O-O 13. Nxd4 Qc7 14. Rfe1 b5 15. Bd3 $1 (15. Bb3 $6 Rd8
16. Bg3 Bd6 17. Bxd6 Rxd6 $11) 15... Bd7 (15... Bb7 $2 16. Nxe6 (16. Nf5 Bd8 $1
17. Bg3 Qc6 18. Ne3 Bb6 $132) 16... fxe6 17. Qxe6+ Rf7 18. Bg6 Raf8 (18... Bc5
19. Bxf6 gxf6 20. Bxf7+ Qxf7 21. Qxf7+ Kxf7 22. Rd7+ $18) 19. Bxf7+ Rxf7 20. c3
$14) 16. Nf5 Bd8 17. Bg3 Qa5 18. Nd6 $14) 13. Bb3 Nd7 $6 {Another inaccuracy
after which the punishment comes pretty fast;it wasn't to late to play} (13...
Bb7 14. Nxd4 Qb6 15. Rd3 Rd8 16. Rfd1 O-O 17. Nf5 $14 {with worse,but
defendable position.}) 14. Qe4 $1 $16 Rb8 (14... Ra7 15. Qxd4 $18 {[%cal Gd4a7,
Gd4g7]}) 15. Bg3 Rb6 (15... Bb7 16. Qxd4 Bxf3 17. gxf3 Rc8 18. Qxg7 Bf6 19. Qg4
h5 20. Qb4 h4 21. Bd6 $16) 16. Qxd4 Bf6 (16... O-O 17. Qe3 Bf6 18. Ne5 Rb7 19.
Rd6 $5 {[%csl Ra6]} (19. Nxf7 Rxf7 20. Qxe6 Qf8 21. Bd6 Nb6 22. Qe3 Be7 23.
Bxf7+ Kxf7 24. Qf3+ $14) 19... Rc7 20. Nc6 $16) 17. Qe3 Rc6 {After} (17... O-O
18. Ne5 $16 {arise variations,which we have analysed after 16...0-0.}) (17...
Bxb2 $5 18. Bd6 $5 Qf6 19. Bb4 Rc6 20. Qa7 $36) 18. Nd4 Bxd4 19. Rxd4 Qb6 ({
Nothing changes} 19... O-O 20. Rfd1 Re8 21. Qf3 Rb6 22. Qc3 $16 {and black
simply can't move.}) 20. Rfd1 Nc5 $6 21. Bd5 $18 Bb7 22. Bxc6+ Qxc6 23. Rd8+
Ke7 24. Bh4+ 1-0

[Event "Sarajevo Bosnia 28th"]
[Site "Sarajevo"]
[Date "1998.06.05"]
[Round "8"]
[White "Georgiev, Kiril"]
[Black "Kurajica, Bojan"]
[Result "1-0"]
[WhiteElo "2675"]
[BlackElo "2580"]
[Annotator "Finkel,A"]
[PlyCount "75"]
[EventDate "1998.05.29"]
[EventType "tourn"]
[EventRounds "9"]
[EventCountry "BIH"]
[EventCategory "15"]
[SourceTitle "CBM 066"]
[Source "ChessBase"]
[SourceDate "1998.09.30"]
[SourceVersion "1"]
[SourceVersionDate "1998.09.30"]
[SourceQuality "1"]

1. d4 {Kostakiev,D} e6 2. e4 d5 3. Nd2 dxe4 4. Nxe4 Nd7 5. g3 Ngf6 6. Nxf6+
Qxf6 7. Bg2 e5 (7... c5 8. Nf3 cxd4 9. Qxd4 Bc5 10. Qxf6 Nxf6 11. O-O Ke7 12.
c4 Rd8 13. Bf4 $14 {Vombek,D-Simic,D/SLO-ch 1996 (41)}) (7... Bd6 $5 8. Nf3 O-O
9. O-O e5 10. Re1 exd4 11. Bg5 Qf5 12. Qxd4 Qxc2 13. Rac1 Qg6 14. Be7 $44 {
Tosic,M-Skembris,S/Vrnjacka Banja 1982 (26)}) 8. Qe2 $1 {Quiet serious
improvment.In previous games white has tried 8.Ne2 and without visible success:
} (8. Ne2 Bd6 9. O-O O-O 10. Nc3 exd4 11. Ne4 Qg6 12. Qxd4 (12. h4 h6 13. Qxd4
{1/2-1/2 Smirin,I-Ehlvest,J/Rubinstein mem 1995}) 12... Be5 13. Qd5 (13. Qe3 $5
Nf6 14. f4 Ng4 15. Qd3 Qb6+ 16. Kh1 Bd4 17. f5 $36 {Beliavsky,A-Vaganian,R/
Tilburg 1993/1-0 (58)}) 13... Re8 14. Rd1 Nf6 15. Nxf6+ Qxf6 16. Re1 c6 17. Qb3
Re7 $11 {Kostic,V-Skembris,S/Vrnjacka Banja 1981 (81)}) (8. Nf3 {Kostakiev,D})
8... Qe7 (8... Be7 9. Nf3 exd4 10. Bg5 Qe6 (10... Qd6 11. Nxd4 Qe5 12. Qxe5
Nxe5 13. Bf4 $14) 11. Qxe6 fxe6 12. Bxe7 Kxe7 13. Nxd4 $14) (8... Bd6 {
Kostakiev,D} 9. f4 $1 $16) 9. dxe5 Qxe5 (9... Nxe5 $6 10. Bf4 f6 (10... Ng6 11.
Bxc7 $16) 11. O-O-O $36) 10. Bf4 Qxe2+ 11. Nxe2 c6 12. O-O-O $14 {The opening
results are definitly in white's favour:significient advantage in development
is serious trump in forthcoming struggle.} Bc5 13. Nd4 Bxd4 $6 (13... O-O $5
14. Nxc6 $5 (14. Rhe1 Nf6 15. h3 Bb6 $1 (15... Rd8 16. Nxc6 $1 Rxd1+ 17. Rxd1
Bxh3 18. Bxh3 bxc6 19. Bg2 $14) 16. Bg5 Rd8 17. c3 Bxd4 18. Bxf6 gxf6 19. cxd4
Be6 $132) 14... bxc6 15. Bxc6 Nb6 16. Bxa8 Nxa8 17. Bd6 Bxd6 18. Rxd6 $14) 14.
Rxd4 (14. Rhe1+ $5 {Kostakiev,D} Be5 15. Bxe5 Nxe5 16. Rxe5+ Be6 17. Bh3 (17.
f4 $1 $16) 17... O-O $8 18. Bxe6 fxe6 $14) 14... O-O 15. Rhd1 Nf6 16. h3 Re8
17. Bg5 {^^} Be6 18. Rb4 $1 $36 {[%csl Rb7]} Bf5 (18... Rab8 {Kostakiev,D} 19.
Bf4 a5 20. Ra4 Ra8 21. Bd2 Bd5 22. Bxd5 Nxd5 23. Rxa5 Rxa5 24. Bxa5 Ra8 25. c4
Rxa5 26. cxd5 cxd5 (26... Rxa2 27. dxc6 Ra1+ 28. Kc2 Rxd1 29. c7 $1 $18) 27. a3
$16) (18... Re7 {Kostakiev,D} 19. Rf4 $18) 19. g4 (19. Rxb7 {Kostakiev,D} Re2
20. Bd2 Be4) 19... Be4 20. f3 Bg6 21. b3 (21. Rxb7 $2 Re2 22. Rd2 Re1+ 23. Rd1
Re2 $11) 21... a5 $6 (21... b6 22. Bxf6 gxf6 23. f4 Re2 24. Rd2 Rxd2 25. Kxd2
Rd8+ 26. Kc3 c5 27. Ra4 $16) (21... b5 $1 22. Bxf6 gxf6 23. f4 Re2 24. Rd2 Rxd2
25. Kxd2 Rd8+ 26. Kc3 (26. Ke3 Bxc2 27. Bxc6) 26... a5 27. Rd4 b4+ 28. Kc4
Rxd4+ 29. Kxd4 Bxc2 $14) 22. Rxb7 $16 a4 23. Bxf6 axb3 (23... gxf6 {Kostakiev,D
} 24. a3 $1 $18) 24. Rxb3 (24. Bb2 $2 {Kostakiev,D} bxa2 25. Ba1 Re2 {=}) 24...
gxf6 25. a3 {White is a pawn up and for a player of Georgiev's level it's more
than enough to win the game!} c5 26. Bf1 f5 27. Bc4 fxg4 28. hxg4 Kg7 29. Rd5
Rec8 30. Kb2 Rc7 31. Rc3 {[%csl Rc5]} f6 32. Bb5 $18 Rac8 33. a4 Bf7 34. Rd6
Be8 35. Re3 Bxb5 36. axb5 c4 37. Kc3 Ra8 38. b6 1-0

[Event "RUS-chT 05th"]
[Site "Maikop"]
[Date "1998.06.07"]
[Round "5"]
[White "Rublevsky, Sergei"]
[Black "Zakharevich, Igor"]
[Result "1-0"]
[WhiteElo "2665"]
[BlackElo "2530"]
[Annotator "Finkel,A"]
[PlyCount "101"]
[EventDate "1998.06.03"]
[EventType "team-tourn"]
[EventRounds "11"]
[EventCountry "RUS"]
[SourceTitle "CBM 066"]
[Source "ChessBase"]
[SourceDate "1998.09.30"]
[SourceVersion "1"]
[SourceVersionDate "1998.09.30"]
[SourceQuality "1"]
[WhiteTeam "Kazan Sberbank-Tatarstan"]
[BlackTeam "Cherepovets Severstal"]
[WhiteTeamCountry "RUS"]
[BlackTeamCountry "RUS"]

1. e4 e6 2. d4 d5 3. Nd2 dxe4 4. Nxe4 Nd7 5. Nf3 Ngf6 6. Bd3 c5 7. O-O Nxe4 8.
Bxe4 Nf6 9. Bg5 cxd4 (9... h6 $6 10. Bxf6 Qxf6 11. c3 Bd6 12. Qa4+ Bd7 13. Qa3
$1 Qe7 14. dxc5 Bxc5 15. b4 Bb6 16. Bxb7 $16 {Honfi,K-Dolgener,T/Budapest FS09
IM-B 1995/1-0 (50)}) 10. Qe2 $5 (10. Nxd4 Bc5 11. Nb3 Bd6 12. Bxf6 gxf6 13. Qh5
$6 f5 14. Bxf5 $2 exf5 15. Rfe1+ Be7 16. Re3 f4 17. Re4 O-O 18. Rd1 Qc7 $17 {
Morozevich,A-Zakharevich,I/RUS-Cup9 1997 (40)}) 10... Be7 11. Rad1 Nxe4 12.
Rxd4 Qxd4 13. Nxd4 Nxg5 14. f4 O-O $5 {Zakharevich has already tried once to
defend this position and as in the following game-without success.The move in
the game is the novelty,in the previous game he played} (14... Nh3+ $5 15. gxh3
O-O 16. Qe4 Bf6 17. Rd1 Rd8 18. Rd3 Rb8 19. Nf3 $14 {,but didn't managed to
hold;Morozevich,A-Zakharevich,I/RUS-Cup6 1997 (58)}) 15. fxg5 Bxg5 16. Nf3 Bd8
$6 (16... Be7) (16... Bf6) 17. Qe4 $1 {Preventing the development of the
bishop.} f6 (17... Rb8 18. Ng5 $1 (18. Qe5 $6 Bd7 $1) 18... Bxg5 (18... g6 $2
19. Rxf7 $1 Rxf7 20. Nxf7 Kxf7 21. Qf4+ $18 {[%cal Gf4f7,Gf4b8]}) 19. Qe5 Bd7
20. Qxg5 Rbc8 21. Rd1 $14) 18. c4 Rb8 19. b4 a5 20. a3 axb4 21. axb4 Bc7 22. c5
Bd7 23. Qc4 Kh8 24. Nd4 Rfe8 25. Rd1 $16 b5 (25... Rbd8 $5 26. Nb5 $5 (26. b5
$5 e5 27. Nb3 e4 (27... Bxb5 $2 28. Rxd8 Bxc4 29. Rxe8+ Bg8 30. Re7 $18 {
[%cal Ge7b7]}) 28. b6 Bc6 $5 (28... Bb8 29. Na5 e3 30. Nxb7 Bb5 31. Rxd8 Rxd8
32. Qc1 (32. Qxb5 $2 Rd1+ 33. Qf1 e2 $1 $19) 32... Re8 33. Nd6 Bxd6 34. cxd6 e2
35. Kf2 $1 e1=Q+ 36. Qxe1 Rxe1 37. Kxe1 Bc6 38. d7 $18) 29. Rxd8 (29. Re1 Be5
30. Na5 Bd5 31. Qb5) 29... Bxd8 30. Nd4 e3 31. Kf1 $16) 26... Bb8 27. Nd6 Bxd6
28. Rxd6 Bc8 29. b5 Kg8 30. Rxd8 Rxd8 31. c6 $16) 26. Qa2 e5 27. Qf7 $1 Bg4 (
27... Rbd8 28. Nf5 $1 Bxf5 29. Rxd8 Rxd8 30. Qxc7 $18) 28. Qxc7 $1 Bxd1 29. Nf5
{[%csl Rg7]} Rg8 30. Nd6 $18 {Total domination of white pieces,black is
helpless against the advance of the c-pawn.} Rgf8 31. c6 e4 32. Qd7 e3 33. c7
Ra8 34. c8=Q Rfxc8 35. Nxc8 h6 36. Qxd1 Rxc8 37. Kf1 Re8 38. Ke2 Re5 39. Qd3 h5
40. Qg6 Kg8 41. g3 Kf8 42. g4 hxg4 43. Qxg4 Kf7 44. h4 Kg8 45. Qg6 Kf8 46. h5
Rg5 47. Qh7 Re5 48. Kf1 $22 e2+ (48... Re6 49. h6 gxh6 50. Qf5 $18 {[%cal
Gf5f6,Gf5b5]}) 49. Ke1 Re6 50. h6 gxh6 51. Qf5 1-0

[Event "Budapest FS04 GM-A"]
[Site "Budapest"]
[Date "2002.04.07"]
[Round "6"]
[White "Horvath, Csaba"]
[Black "Bokros, Albert"]
[Result "1-0"]
[WhiteElo "2539"]
[BlackElo "2435"]
[Annotator "Finkel,A"]
[PlyCount "71"]
[EventDate "2002.04.02"]
[EventType "tourn"]
[EventRounds "13"]
[EventCountry "HUN"]
[EventCategory "9"]
[SourceTitle "CBM 089"]
[Source "ChessBase"]
[SourceDate "2002.08.12"]
[SourceVersion "1"]
[SourceVersionDate "2002.08.12"]
[SourceQuality "1"]

1. d4 e6 2. e4 d5 3. Nd2 dxe4 4. Nxe4 Nd7 5. Bd3 Ngf6 6. Qe2 c5 7. Nxf6+ Nxf6
8. dxc5 Bxc5 9. Bd2 {This variation becomes more and more popular lately.} (9.
Bg5 Qa5+ (9... h6 10. Bb5+ Bd7 11. Bxd7+ Qxd7 12. Bxf6 gxf6 13. Rd1 Qc6 14. Nf3
O-O 15. O-O Rfd8 16. c3 b5 $11 {Fedorov,A-Van Wely,L/Istanbul 2000}) 10. Bd2
Qc7 (10... Qb6 11. O-O-O Bd7 12. Nh3 $5 (12. f4 O-O-O 13. Nf3 Ng4 14. Ng5 f5
15. Nf7 Nf2 16. Nxh8 Rxh8 $132 {Lastin,A-Feoktistov,A/Voronezh op 1998}) 12...
h6 13. Qe1 $6 {[%cal Gd2a5]} (13. Bc3 O-O-O 14. Qf3 Bc6 15. Qg3 Rhg8 $11) 13...
a5 $5 (13... O-O-O $2 14. Ba5) 14. Bc3 Bb4 15. a3 Bxc3 16. Qxc3 Rc8 17. Qe5 O-O
$132 {Asrian,K-Feoktistov,A/St Petersburg 1999}) (10... Bb4 11. c3 Be7 12. Nf3
O-O 13. O-O Rd8 14. Ne5 Bd7 15. c4 Qb6 16. b4 Qd4 17. Rac1 a5 18. Bc3 $14 {
Nevednichy,V-Negulescu,A/Cupa Dinamo 1998}) 11. Nf3 O-O 12. O-O-O $1 b6 13. Ne5
Bb7 14. f4 (14. Rhe1 Rac8 15. Kb1 Rfe8 16. g4 Nd5 17. g5 Bd4 $13 {Korneev,
O-Zlochevskij,A/RUS-Cup8 1997}) 14... Rfd8 (14... Nd5 15. Rhf1 $1 Nb4 $6 16.
Bxb4 $5 Bxb4 17. g4 Rad8 18. g5 Bd6 19. h4 $36 {Fedorov,A-Daschian,N/RUS-Cup02
1998}) 15. Kb1 Rac8 16. Rhf1 {'!' Glek. Glek: /\g2-g4} Nd5 (16... Bd4 17. Nf3
Ba6 $2 18. Nxd4 Rxd4 19. Bxa6 Qxc2+ 20. Ka1 Rcd8 21. Bc1 Qxd1 22. Rxd1 Rxd1 23.
Kb1 Rh1 24. Qc2 $16 {Polgar,J-Ehlvest,J/Vienna Millenium 1996}) 17. a3 $14 {
Glek,I-Nogueiras,J/Linares op 1996}) (9. Nf3 O-O (9... Qc7 10. O-O O-O 11. Bg5
b6 12. Rad1 $5 (12. Ne5 Bb7 13. Bxf6 (13. Rae1 Rfd8 14. Ng4 $6 Qc6 15. Ne3 Bd4)
13... gxf6 {[#]} 14. Bxh7+ $11 (14. Qh5 $6 f5 15. Rae1 f6 16. Nf3 Qf7 17. Qxf7+
Kxf7 18. Bc4 Rfe8 19. Nh4 Be4 $15) 14... Kxh7 15. Qh5+ {Ivanchuk,V-Karpov,A/
Supertorneo Las Palmas 1996}) 12... Bb7 13. Bxf6 gxf6 14. Be4 Rfd8 15. Bxb7
Qxb7 16. a3 Rac8 17. c3 $14 {Spraggett,K-Nogueiras,J/Canadian Open, Winnipeg
CAN 1997 (41)}) (9... h6 $6 10. Bd2 O-O 11. O-O-O Qb6 12. g4 $5 Nxg4 13. Rhg1
f5 14. h3 Nxf2 15. Bxh6 Nxd3+ 16. Qxd3 Bxg1 17. Rxg1 $36 {Ulibin,M-Orlov,G/
Minsk 1990 (31)}) 10. Bg5 h6 (10... Qa5+ 11. c3 Be7 12. Ne5 Qc7 13. O-O Rd8 14.
Rad1 h6 $13 {Rublevsky,S-Anastasian,A/Balatonbereny 1994}) 11. h4 $1 (11. Bxf6
$5 Qxf6 12. O-O-O g6 13. h4 h5 14. Kb1 Kg7 15. Ng5 $5 e5 16. Ne4 Qb6 17. Nxc5
$14 {Hjartarson,J-Kacheishvili,G/Linares op sp 1996/1-0 (67)}) 11... Qa5+ 12.
Bd2 Qa4 13. Ne5 Qd4 14. c3 Qd5 15. O-O-O $1 Qxa2 16. g4 Qa1+ 17. Kc2 Qa4+ 18.
Kb1 $16 {Rublevsky,S-Zakharevich,I/St.Petersburg Petrov 1996 (24)}) 9... O-O
10. O-O-O Qb6 (10... Qd5 $6 11. Bc3 (11. Kb1 Qxg2 12. Nf3 Qxf2 13. Qe5 $40 {
Ivanisevic,I-Supatashvili,K/Panormo 1998}) 11... Qg5+ 12. Kb1 Nd5 13. Be5 Qxg2
$2 14. Qh5 $36 {Sadler,M-Miles,A/Hove 1997}) 11. Nf3 $5 {White is ready to
sacrifice a pawn to get a few tempi for development.} Bd7 (11... Bxf2 12. Rdf1
Bc5 13. Ne5 $44) 12. Ne5 Bc6 13. Kb1 {Inviting black to take on f2 or g2} (13.
f4 $5) 13... Rac8 ({Deserved attention} 13... Bxg2 $5 14. Rhg1 Bd5 15. Bh6 g6
16. Bxf8 Rxf8 17. Rd2 $14 {and black has pretty good compensation for the
exchange.}) 14. f4 Bd5 15. Bc3 $5 Be3 $1 {Very good move leading to equality.}
(15... Rfd8 16. Rhf1 Bb4 17. Bxb4 Qxb4 18. c4 Bc6 $132) 16. Nc4 Bxc4 17. Bxf6
$1 (17. Bxc4 $6 Ne4 18. Be1 Rfd8 19. Rxd8+ Rxd8 20. Bd3 Bd4 $1 $15) 17... gxf6
$2 {Wrong idea! After accurate} (17... Bxa2+ $1 18. Kxa2 gxf6 19. Qg4+ Kh8 20.
Qh4 (20. Bxh7 $2 Bd4 $1 $15) 20... f5 21. Qf6+ (21. g4 Rg8 $1 $15) 21... Kg8
22. Qg5+ $11 {white has to force a draw unless he wants to continue a struggle
seriously endangering himself.}) 18. Bxc4 $14 Rfd8 19. Bb3 $1 Rxd1+ (19... Bxf4
$2 20. Qg4+ Bg5 21. h4 h5 22. Qxh5 Be3 23. Qf3 $16) 20. Rxd1 f5 (20... Bc5 21.
f5 $1 exf5 22. Qh5 Qc7 23. a3 $16) 21. g4 $1 {Opening diagonal a2-g8 for a
bishop.} Kh8 22. gxf5 exf5 23. a3 $1 Bxf4 24. Rd7 Bh6 (24... Rf8 25. Qe7 Qg1+
26. Ka2 Qg7 27. Rxb7 Bxh2 28. Rxa7 $16) 25. Re7 Qc6 26. Qe5+ Bg7 27. Qxf5 Rf8
28. Rxf7 $5 $18 {Black is tied up after exchange of the rooks so white is
ready to an endgame with opposite colored bishops.} Qd6 (28... Rxf7 29. Qxf7
Qc8 30. Bd5 b6 31. Qxa7 $18) 29. Ka2 b6 30. c3 a5 31. h4 Rxf7 32. Qxf7 Qd8 33.
h5 h6 34. Bd5 Be5 35. Qe6 Bg7 36. Kb3 {[%csl Ra5,Rb6,Rh8][%cal Gb3a4,Ga4b5]}
1-0

[Event "Rijeka Liburnija 1st"]
[Site "Rijeka"]
[Date "2005.04.21"]
[Round "11"]
[White "Pavasovic, Dusko"]
[Black "Kovacevic, Blazimir"]
[Result "1-0"]
[WhiteElo "2593"]
[BlackElo "2510"]
[Annotator "Finkel,A"]
[PlyCount "60"]
[EventDate "2005.04.11"]
[EventType "tourn"]
[EventRounds "11"]
[EventCountry "CRO"]
[EventCategory "10"]
[SourceTitle "CBM 107"]
[Source "ChessBase"]
[SourceDate "2005.08.01"]
[SourceVersion "1"]
[SourceVersionDate "2005.08.01"]
[SourceQuality "1"]

1. e4 e6 2. d4 d5 3. Nd2 dxe4 4. Nxe4 Nd7 5. g3 Ngf6 6. Nxf6+ Nxf6 7. Bg2 e5 8.
Qe2 (8. Ne2 exd4 9. Qxd4 Be7 10. Bf4 c6 11. O-O-O O-O 12. Qe3 Bd7 13. Bd6 Re8
14. Bxe7 Rxe7 15. Qd2 Qb6 $11 {Fontaine,R-Vaisser,A/Val d'Isere 2004}) (8. Nf3
exd4 9. Qxd4 Be7 10. Qxd8+ (10. Bf4 c6 11. Qxd8+ Bxd8 12. O-O-O O-O 13. Rhe1
Bb6 14. Nd4 Bg4 15. f3 Bd7 $11 {Brenjo,S-Jeremic,V/Budva 2004}) 10... Bxd8 11.
O-O O-O 12. Be3 c6 13. Rfe1 Bb6 14. a4 Re8 15. a5 Bxe3 16. Rxe3 Rxe3 17. fxe3
a6 $11 {Van den Doel,E-Van Wely,L/Leeuwarden 2001}) 8... Qxd4 9. Nf3 Qe4 (9...
Bb4+ $2 10. c3 Bxc3+ 11. Kf1 Qa4 12. bxc3 e4 13. Nd4 O-O 14. Bg5 $18 {Rezaei,
R-Oskooei,A/Iran 1994}) (9... Qb6 10. Qxe5+ Qe6 11. O-O Qxe5 12. Nxe5 Be7 13.
Nc6 Bd6 14. Re1+ Kd7 15. Ne5+ Bxe5 16. Rxe5 $14 {Djurhuus,R-Friedman,A/Gausdal
2002}) 10. Qxe4 Nxe4 11. Nxe5 Nc5 $6 {[%csl Rc5] Black shouldn't have special
problems after the move in the game, but the knight is a bit vulnerable on c5,
so I believe Black should've preferred 11...Nd6.} (11... Nd6 12. O-O Bf5 13.
Bf4 O-O-O 14. c3 Be7 15. Rad1 Be6 16. Rfe1 Rhe8 17. Nf3 h6 $11 {Dervishi,
E-Castaldo,F/Bratto 2002}) 12. Be3 f6 {Black is forced to play this move in
order to develop the bishop on d7.} (12... Be6 13. Bxc5 Bxc5 14. Bxb7 Rb8 15.
Bc6+ Ke7 16. Nd3 Bd4 17. O-O-O $16) 13. Nf3 Bd7 14. O-O-O O-O-O 15. Rd5 Na4 (
15... b6 16. Rhd1 Bd6 17. Nd4 Rhe8 18. Nf5 Bxf5 19. Rxf5 Be5 $14) 16. Rhd1 Bd6
{Allowing White to complicate the position.} (16... Nb6 17. R5d3 (17. Bxb6 axb6
18. Rxd7 Rxd7 19. Bh3 Bd6 $11) 17... Bd6 18. Nd2 Bf5 19. Ne4 Be7 $11) 17. Bxa7
$5 b6 18. Nd4 Rhe8 19. Rxd6 cxd6 20. b3 Nc3 $2 {Losing on the spot. It was
necessary to play 20...d5! with unclear consequences.} (20... d5 $1 21. bxa4 (
21. Bxd5 Nc3 $19) 21... Kb7 22. Bxb6 Kxb6 23. a5+ Kxa5 24. Bxd5 Kb6 25. c4 $13)
21. Rd3 $18 Nb5 22. Bxb6 Re1+ 23. Kb2 Rde8 (23... Nxd4 24. Bxd8 $18) 24. Nxb5
Bxb5 25. Rc3+ Kb8 (25... Kd7 26. a4 Rb8 27. Ba7 $18) 26. Bc7+ Ka7 27. Bxd6 R8e6
28. Rc7+ Kb6 (28... Kb8 29. Re7+ Kc8 30. Rxe6 Rxe6 31. Bh3 $18) 29. Rb7+ Ka6
30. Bc5 Bc6 1-0